header

Pete the Cat-Storybook Collection (Record no. 260697)

MARC details
000 -LEADER
fixed length control field 00253nam a22001097a 4500
020 ## - INTERNATIONAL STANDARD BOOK NUMBER
ISBN 9780062304254
100 ## - MAIN ENTRY--AUTHOR NAME
Personal name James Dean
245 ## - TITLE STATEMENT
Title Pete the Cat-Storybook Collection
260 ## - PUBLICATION, DISTRIBUTION, ETC. (IMPRINT)
Place of publication New York
Name of publisher HarperCollins
Year of publication 2016
300 ## - PHYSICAL DESCRIPTION
Number of Pages 192 pgs
942 ## - ADDED ENTRY ELEMENTS (KOHA)
Koha item type Long Loan Books

No items available.

© 2026 Rongo University
Contact us: librarian | system librarian | Rongo university